| 000 | 00402nam a2200133Ia 4500 | ||
|---|---|---|---|
| 008 | 210210b1985 xxu||||| |||| 00| 0 eng d | ||
| 082 | _a378.17 SRIA | ||
| 100 | _aSRIVASTAVA (Anand P) and SRIVASTAVA (Anil). | ||
| 245 | _aAcquiring excellence at college- a tutorials handbook. | ||
| 260 |
_aNew Delhi. _bThe Learning Laboratory., _c1985 |
||
| 300 | _a235 | ||
| 690 | _aHigher Education | ||
| 906 | _a037805 | ||
| 999 |
_c87923 _d87923 |
||